书目信息 |
| 题名: |
我国的虾蟹
|
|
| 作者: | 刘瑞玉 , 沈嘉瑞 著 | |
| 分册: | ||
| 出版信息: | 北京 科学出版社 1976 |
|
| 页数: | 145页 | |
| 开本: | 19cm | |
| 丛书名: | 农村科学实验丛书 | |
| 单 册: | ||
| 中图分类: | S966.1 | |
| 科图分类: | ||
| 主题词: | 水产养殖-甲壳类--中国 , 甲壳类-水产养殖--中国 | |
| 电子资源: | ||
| ISBN: | ||
| 000 | 00711nam2 2200265 45 | |
| 001 | 0176001059 | |
| 005 | 20060810110705.76 | |
| 010 | @dCNY0.40 | |
| 100 | @a19951025d1976 em y0chiy0121 ea | |
| 101 | 0 | @achi |
| 102 | @aCN@b110000 | |
| 105 | @ay z 000yy | |
| 200 | 10 | @a我国的虾蟹@Awo guo de xia xie@f沈嘉瑞,刘瑞玉著 |
| 210 | @a北京@c科学出版社@d1976 | |
| 215 | @a145页@d19cm | |
| 225 | 2 | @a农村科学实验丛书 |
| 410 | 0 | @120010@a农村科学实验丛书 |
| 606 | @a水产养殖-甲壳类@y中国 | |
| 606 | @a甲壳类-水产养殖@y中国 | |
| 690 | @aS966.1@v3 | |
| 701 | 0 | @a刘瑞玉@Aliu rui yu@4著 |
| 701 | 0 | @a沈嘉瑞@Ashen jia rui@4著 |
| 801 | 2 | @aCN@bNLC@c20060810 |
| 801 | 0 | @aCN@bTSSF |
| 905 | @a10447@dS966.1@e17 | |
| 我国的虾蟹/沈嘉瑞,刘瑞玉著.-北京:科学出版社,1976 |
| 145页;19cm.-(农村科学实验丛书) |
| ISBN :CNY0.40 |
| ● |
| 相关链接 |
|
|
|
|
正题名:我国的虾蟹
索取号:S966.1/17
 
预约/预借
| 序号 | 登录号 | 条形码 | 馆藏地/架位号 | 状态 | 备注 |
| 1 | 0452135 | 204521357 | 密集书库/ [索取号:S966.1/17] | 在馆 |